Rozpoznaj państwa po trójstyku na mapie #3 - Statystyki

Ogólne statystyki
  • Ten quiz został rozwiązany 1 820 razy
  • Średni wynik to 22 z 27
Statystyki odpowiedzi
Obrazkowy Odpowiedź % Poprawnych
Egipt
98%
Libia
96%
Sudan
96%
Chiny
91%
Chorwacja
91%
Rosja
91%
Bośnia i Hercegowina
90%
Albania
89%
Grecja
89%
Korea Północna
89%
Macedonia Północna
88%
Czarnogóra
87%
Brazylia
86%
Wenezuela
84%
Gujana
83%
Algieria
79%
Mali
79%
Mauretania
76%
Iran
75%
Afganistan
74%
Pakistan
74%
Tanzania
63%
Malawi
62%
Mozambik
58%
Kazachstan
57%
Turkmenistan
57%
Uzbekistan
57%
Nie znaleziono quizów pasujących do podanych kryteriów
Rozkład punktacji
Procent ludzi z każdym wynikiem
Percentyl według liczby udzielonych odpowiedzi
Twoja historia wyników
Nie rozwiązałeś tego quizu